| 000 | 00597cab a2200217 4500 | ||
|---|---|---|---|
| 001 | X8 | ||
| 008 | 090401t1991 xxu||||| |||| 00| 0 eng d | ||
| 035 | _a(Sirsi) u34852 | ||
| 041 | _aeng | ||
| 100 | _aRussell, A.D. | ||
| 245 | _aDecision framework for fast-track construction : a deterministic analysis | ||
| 260 | _c1991 | ||
| 350 | _a0 | ||
| 490 |
_aConstruction Management & Economics _v9(5) September 1991, 467-479(13) |
||
| 650 | _aEXPENDITURE | ||
| 650 | _aFAST-TRACK CONSTRUCTION | ||
| 690 | _aBUILT ENVIRONMENT | ||
| 700 | _aRanasinghe, M. | ||
| 942 | _n0 | ||
| 948 | _c04/03/1997 | ||
| 999 |
_c22980 _d22980 |
||